000 00654cam a22002413a 4500
001 1761
003 PGUSA
005 20140828083006.0
008 990501s1999||||xxu|||||s|||||000 1 eng d
040 _aPGUSA
_beng
042 _adc
050 4 _aPS
100 1 _aDavis, Richard Harding,
_d1864-1916
245 1 0 _aMy Buried Treasure
_h[electronic resource] /
_cRichard Harding Davis
260 _bProject Gutenberg,
_c1999
506 _aPublic domain in the USA.
516 _aElectronic text
653 _aFiction
653 _aShort stories
830 0 _aProject Gutenberg
_v1761
856 4 0 _uhttp://www.gutenberg.org/ebooks/1761
942 _cEB
999 _c231107
_d231107